Las potestades probatorias del juez de familia
Αποθηκεύτηκε σε:
| Κύριος συγγραφέας: | |
|---|---|
| Μορφή: | Βιβλίο |
| Γλώσσα: | Ισπανικά |
| Έκδοση: |
Santiago
Legal Publishing Chile
2012
|
| Έκδοση: | 2a. ed |
| Θέματα: | |
| Ετικέτες: |
Προσθήκη ετικέτας
Δεν υπάρχουν, Καταχωρήστε ετικέτα πρώτοι!
|
MARC
| LEADER | 00000cam a2200000 a 4500 | ||
|---|---|---|---|
| 001 | UCF0063 | ||
| 003 | CL-VaPUC | ||
| 008 | 120427e20120000CL |||||||||||||||||spa|d | ||
| 020 | |a 9789563461022 | ||
| 082 | 0 | 4 | |a 347.8306 |b HUN |2 21 |
| 100 | |a Hunter Ampuero, Iván A |e autor |9 594371 | ||
| 245 | 1 | 4 | |a Las potestades probatorias del juez de familia |
| 250 | |a 2a. ed | ||
| 300 | |a 183 p | ||
| 942 | |c BK | ||
| 945 | |d 20120427 00:00:00 |a cmena | ||
| 260 | |a Santiago |b Legal Publishing Chile |c 2012 | ||
| 650 | 7 | |a TRIBUNALES DE FAMILIA |2 CL-VaPUC |9 561889 | |
| 650 | 0 | |a Proceso civil |9 361912 | |
| 650 | 0 | |a Proceso penal |9 381370 | |
| 651 | 7 | |a CHILE |2 CL-VaPUC |9 561890 | |
| 583 | |a last modification |c 20120904 05:13:27 |k Rodrigo Vera | ||
| 999 | |c 347567 |d 347565 | ||
| 952 | |0 0 |1 0 |4 0 |6 347_830600000000000_HUN_2012 |7 0 |8 A |9 448990 |a BIBDER |b BIBDER |d 2019-11-22 |i 4851722 |o 347.8306 HUN 2012 |p 4851722 |r 2023-01-25 |w 2019-11-22 |y BK |k DER | ||